| 000 | 00624cam a2200205 4500500 | ||
|---|---|---|---|
| 005 | 20260405002350.0 | ||
| 041 | _afre | ||
| 042 | _adc | ||
| 100 | 1 | 0 |
_aPortevin, Catherine _eauthor |
| 245 | 0 | 0 | _aFaire. Anthropologie, Archéologie, Art et Architecture |
| 260 | _c2017. | ||
| 500 | _a97 | ||
| 690 | _aAnthropologie | ||
| 690 | _aArchéologie | ||
| 690 | _aArchitecture | ||
| 690 | _aMain | ||
| 690 | _aTim Ingold | ||
| 786 | 0 | _nPhilosophie magazine | 107 | 3 | 2017-03-01 | p. 47-50 | 1951-1787 | |
| 856 | 4 | 1 | _uhttps://shs.cairn.info/magazine-philosophie-magazine-2017-3-page-47?lang=fr&redirect-ssocas=7080 |
| 999 |
_c2057069 _d2057069 |
||